[Event "Barcelona Primavera La Lira op 10th"]
[Site "Barcelona"]
[Date "2017.05.25"]
[Round "6"]
[White "Fernandez Panzano, Jose Juan"]
[Black "Lama Fernandez, Ramiro"]
[Result "1-0"]
[WhiteElo "1554"]
[BlackElo "1897"]
[PlyCount "79"]
[EventDate "2017.04.20"]
[EventType "swiss"]
[EventRounds "9"]
[EventCountry "ESP"]
[SourceTitle "EXT 2018"]
[Source "ChessBase"]
[SourceDate "2017.10.13"]
[SourceVersion "1"]
[SourceVersionDate "2017.10.13"]
[SourceQuality "1"]

1. e4 c5 2. Nc3 Nc6 3. g3 g6 4. Bg2 Bg7 5. d3 d6 6. Nf3 Bg4 7. Be3 Nf6 8. Qd2 Qb6 9. 0-0 Nd4 10. Bxd4 cxd4 11. Nd5 Nxd5 12. exd5 0-0 13. Ng5 h6 14. f3 Bf5 15. g4 Bd7 16. Nh3 Rac8 17. g5 h5 18. Rab1 Qc5 19. Rf2 Qxd5 20. a3 b6 21. f4 Qc5 22. Qe2 Rc7 23. Qf3 Bg4 24. Qg3 Rfc8 25. Be4 Qb5 26. Qg2 Qd7 27. f5 gxf5 28. Bd5 e6 29. Bb3 Qc6 30. Qf1 Qc5 31. Nf4 d5 32. g6 e5 33. gxf7+ Kxf7 34. Nxd5 Ke8 35. Nxc7+ Ke7 36. Re1 h4 37. h3 Bh5 38. Rxf5 Qd6 39. Qg2 Qg6 40. Rxh5 1-0

[Event "Barcelona Primavera La Lira op 10th"]
[Site "Barcelona"]
[Date "2017.05.11"]
[Round "4"]
[White "Palmero Castillo, Marcelino"]
[Black "Lama Fernandez, Ramiro"]
[Result "1-0"]
[WhiteElo "1672"]
[BlackElo "1897"]
[PlyCount "89"]
[EventDate "2017.04.20"]
[EventType "swiss"]
[EventRounds "9"]
[EventCountry "ESP"]
[SourceTitle "EXT 2018"]
[Source "ChessBase"]
[SourceDate "2017.10.13"]
[SourceVersion "1"]
[SourceVersionDate "2017.10.13"]
[SourceQuality "1"]

1. e4 c5 2. Nf3 d6 3. d4 cxd4 4. Nxd4 Nf6 5. Nc3 g6 6. Be2 Bg7 7. Be3 0-0 8. Qd2 Ng4 9. Bxg4 Bxg4 10. f3 Bd7 11. 0-0-0 Nc6 12. Nxc6 bxc6 13. Bh6 Qa5 14. Bxg7 Kxg7 15. g4 Rab8 16. b3 Be6 17. Kb2 Qc7 18. h4 h6 19. h5 g5 20. Rhg1 a5 21. f4 f6 22. Qd3 Bf7 23. fxg5 hxg5 24. Na4 c5 25. c4 Rg8 26. Nc3 Be8 27. a4 Qb7 28. Nb5 Bc6 29. e5 Be4 30. exf6+ Kxf6 31. Rgf1+ Kg7 32. Qc3+ Kh6 33. Nxd6 Qxb3+ 34. Qxb3 Rxb3+ 35. Kxb3 exd6 36. Rxd6+ Kh7 37. Rf7+ Rg7 38. Rdd7 Rxf7 39. Rxf7+ Kh6 40. Rf6+ Kh7 41. Re6 Bf3 42. Rg6 Bxg4 43. Rxg5 Bd1+ 44. Ka3 Kh6 45. Rxc5 1-0